Statistics for Football Players by Picture #5 - Brazil

Click here to take the quiz!

General Stats

  • This quiz has been taken 5,796 times
    (5,789 since last reset)
  • The average score is 12 of 16

Answer Stats

Answer% Correct
Neymar
99%
Ronaldo
99%
Pelé
98%
Ronaldinho
97%
Marcelo
93%
Kaká
89%
Roberto Carlos
85%
Dani Alves
84%
Philippe Coutinho
81%
Cafu
77%
Rivaldo
70%
Garrincha
66%
Romário
44%
Dida
43%
Zico
28%
Dunga
23%

Score Distribution

Percentile by Number Answered

Percent of People with Each Score

Your Score History

You have not taken this quiz since the last reset